Urbanization and growth (Record no. 8513)
[ view plain ]
| 000 -LEADER | |
|---|---|
| fixed length control field | 01480nam a2200361Ia 4500 |
| 001 - CONTROL NUMBER | |
| control field | ebr10269613 |
| 003 - CONTROL NUMBER IDENTIFIER | |
| control field | CaPaEBR |
| 006 - FIXED-LENGTH DATA ELEMENTS--ADDITIONAL MATERIAL CHARACTERISTICS--GENERAL INFORMATION | |
| fixed length control field | m u |
| 007 - PHYSICAL DESCRIPTION FIXED FIELD--GENERAL INFORMATION | |
| fixed length control field | cr cn||||||||| |
| 008 - FIXED-LENGTH DATA ELEMENTS--GENERAL INFORMATION | |
| fixed length control field | 081106s2009 dcua sb 001 0 eng d |
| 010 ## - LIBRARY OF CONGRESS CONTROL NUMBER | |
| Canceled/invalid LC control number | 2008044060 |
| 020 ## - INTERNATIONAL STANDARD BOOK NUMBER | |
| Cancelled/invalid ISBN | 9780821375730 |
| Cancelled/invalid ISBN | 0821375733 |
| Cancelled/invalid ISBN | 9780821375747 (electronic) |
| Cancelled/invalid ISBN | 0821375741 (electronic) |
| 040 ## - CATALOGING SOURCE | |
| Original cataloging agency | CaPaEBR |
| Transcribing agency | CaPaEBR |
| 035 ## - SYSTEM CONTROL NUMBER | |
| System control number | (OCoLC)560612091 |
| 050 14 - LIBRARY OF CONGRESS CALL NUMBER | |
| Classification number | HT321 |
| Item number | .U338 2009eb |
| 245 00 - TITLE STATEMENT | |
| Title | Urbanization and growth |
| Medium | [electronic resource] / |
| Statement of responsibility, etc | edited by Michael Spence, Patricia Clarke Annez, and Robert M. Buckley ; contributions by Michael Spence ... [et al.]. |
| 260 ## - PUBLICATION, DISTRIBUTION, ETC. (IMPRINT) | |
| Place of publication, distribution, etc | Washington, DC : |
| Name of publisher, distributor, etc | Commission on Growth and Development : |
| -- | World Bank, |
| Date of publication, distribution, etc | c2009. |
| 300 ## - PHYSICAL DESCRIPTION | |
| Extent | xxx, 255 p. : |
| Other physical details | ill. (some col.). |
| 504 ## - BIBLIOGRAPHY, ETC. NOTE | |
| Bibliography, etc | Includes bibliographical references and index. |
| 533 ## - REPRODUCTION NOTE | |
| Type of reproduction | Electronic reproduction. |
| Place of reproduction | Palo Alto, Calif. : |
| Agency responsible for reproduction | ebrary, |
| Date of reproduction | 2011. |
| Note about reproduction | Available via World Wide Web. |
| -- | Access may be limited to ebrary affiliated libraries. |
| 650 #0 - SUBJECT ADDED ENTRY--TOPICAL TERM | |
| Topical term or geographic name as entry element | Urban economics. |
| Topical term or geographic name as entry element | Urbanization |
| General subdivision | Economic aspects. |
| Topical term or geographic name as entry element | Cities and towns |
| General subdivision | Growth. |
| 655 #7 - INDEX TERM--GENRE/FORM | |
| Genre/form data or focus term | Electronic books. |
| Source of term | local |
| 700 1# - ADDED ENTRY--PERSONAL NAME | |
| Personal name | Spence, Michael, |
| Dates associated with a name | 1943- |
| Personal name | Annez, Patricia Clarke. |
| Personal name | Buckley, Robert M. |
| 710 2# - ADDED ENTRY--CORPORATE NAME | |
| Corporate name or jurisdiction name as entry element | ebrary, Inc. |
| 856 40 - ELECTRONIC LOCATION AND ACCESS | |
| Uniform Resource Identifier | <a href="http://site.ebrary.com/lib/rucke/Doc?id=10269613">http://site.ebrary.com/lib/rucke/Doc?id=10269613</a> |
| Public note | An electronic book accessible through the World Wide Web; click to view |
No items available.
